| 000 | 00914nmc a2200313 a 4500 | ||
|---|---|---|---|
| 003 | AR-BaBNM | ||
| 005 | 20251128210533.0 | ||
| 008 | 080020s1995 ||||||||||||||000 | spa|| | ||
| 020 | _a84-477-0491-2 | ||
| 040 | _cAR-BaBNM | ||
| 100 | 1 | _aGarcía Pastor, Carmen | |
| 245 | 1 | 0 |
_aUna escuela común para niños diferentes _bla integración escolar |
| 250 | _a2ª ed. | ||
| 260 |
_aBarcelona _bEUB _c1995 |
||
| 300 | 0 |
_a335 p. _btablas |
|
| 490 | 0 | _aIIE-Educación Especial | |
| 500 | 0 | _aContiene referencias bibliográficas | |
| 650 | 4 | _aEDUCACION ESPECIAL | |
| 650 | 4 | _aINTEGRACION ESCOLAR | |
| 650 | 4 | _aCURRICULO | |
| 650 | 4 | _aROL DEL DOCENTE | |
| 650 | 4 | _aPARTICIPACION DE LOS PADRES | |
| 653 | 0 | _aEDUCACION EN LA DIVERSIDAD | |
| 653 | 0 | _aNECESIDADES EDUCATIVAS ESPECIALES | |
| 653 | 0 | _aORGANIZACION CURRICULAR | |
| 800 | 1 |
_aEchevarría, Benito _edirector |
|
| 942 | _cBK | ||
| 998 | _cRAQUEL | ||
| 999 |
_c15855 _d15855 |
||